| 000 -LEADER |
| fixed length control field |
00330nam a2200109 4500 |
| 082 ## - DEWEY DECIMAL CLASSIFICATION NUMBER |
| Classification number |
A45:5451 CGE/2006-07 |
| 100 ## - MAIN ENTRY--PERSONAL NAME |
| Personal name |
Goa. Directorate of Planning, Statistics and Evaluation |
| 9 (RLIN) |
3289 |
| 245 ## - TITLE STATEMENT |
| Title |
A report on the census of Government employees, 2007 |
| 260 ## - PUBLICATION, DISTRIBUTION, ETC. (IMPRINT) |
| Place of publication, distribution, etc |
Panaji |
| Name of publisher, distributor, etc |
Government of Goa |
| Date of publication, distribution, etc |
2009 |
| 300 ## - PHYSICAL DESCRIPTION |
| Extent |
30p. |
| 942 ## - ADDED ENTRY ELEMENTS (KOHA) |
| Source of classification or shelving scheme |
|